000 00946nam a2200181Ia 4500
008 220216s9999 xx 000 0 und d
100 _aAssini A
245 0 _aSieve tubes diameter and the rubber production in rubber tree clones
260 _bBragantia
_c1998
300 _a57-60
520 _aSieve tubes diameters of 15 rubber trees clones, eleven years old [Hevea brasiliensis (Willd. ex. Adr. de Juss.) Muell Arg.] accounting for plant materials with high (IAN 873, IAC 41, RRIM 600, PR 107, IAN 717, IAC 57 and IAC 15) and low (IAC 53, IAC 39, IAC 59, IAC 51, IAC 16, IAC 22, IAC 19 and IAC 9) rubber productions were determined. Results have shown significant correlation (R2=0.825)between sieve tubes diameter and rubber production (y=0.1961x2 - 14.77x + 281.7)
650 _aHevea brasiliensis
650 _aRubber production
650 _aSive tubes
700 _aGoncalves P de S
700 _aGondim-Tomaz R M A
942 _cJS
999 _c68681
_d68681